[Event "Match"]
[Site "www.echecsemail.com"]
[Date "2016.03.28"]
[Round "1"]
[White "Difficult"]
[Black "Whitekknight"]
[WhiteElo "1890"]
[BlackElo "1920"]
[Result "1/2-1/2"]
[Round "1"]
1.e4 e5
2.Ng1f3 d6
3.d4 exd4
4.Qd1xd4 Ng8f6
5.Bc1g5 Bf8e7
6.Nb1c3 Nb8c6
7.Bf1b5 Bc8d7
8.Bb5xc6 Bd7xc6
9.O-O h6
10.Bg5h4 O-O
11.Rf1e1 Rf8e8
12.Ra1d1 a6
13.a3 Qd8d7
14.Qd4d3 Nf6h7
15.Bh4xe7 Re8xe7
16.Nf3d4 Ra8e8
17.f3 Re7e5
18.Nd4xc6 Qd7xc6
19.Kh1 Re8d8
20.Nc3d5 Rd8e8
21.c4 Qc6c5
22.b4 Qc5c6
23.Rd1c1 { draw }
1/2-1/2

[Event "Match"]
[Site "www.echecsemail.com"]
[Date "2016.03.28"]
[Round "1"]
[White "Genius2"]
[Black "Attatroll"]
[WhiteElo "1740"]
[BlackElo "2000"]
[Result "1-0"]
[Round "1"]
1.c4 d5
2.cxd5 Ng8f6
3.Nb1c3 Nf6xd5
4.Ng1f3 Nd5xc3
5.bxc3 Bc8g4
6.Nf3e5 Bg4f5
7.Qd1b3 Bf5e6
8.Qb3c2 Qd8d5
9.d4 Nb8c6
10.e4 Qd5a5
11.Ne5xc6 bxc6
12.Bf1e2 g6
13.O-O Bf8g7
14.Bc1d2 Ra8b8
15.Ra1b1 Rb8xb1
16.Qc2xb1 O-O
17.Qb1c2 Qa5xa2
18.Qc2xa2 Be6xa2
19.Rf1a1 Ba2e6
20.Ra1xa7 c5
21.Bd2e3 cxd4
22.cxd4 Rf8b8
23.h3 Rb8b1
24.Kh2 Rb1b4
25.e5 c5
26.Ra7a8 Bg7f8
27.Be3h6 { resign }
1-0

[Event "Match"]
[Site "www.echecsemail.com"]
[Date "2016.03.28"]
[Round "1"]
[White "Chessexpert"]
[Black "Shlomo"]
[WhiteElo "1420"]
[BlackElo "1469"]
[Result "1-0"]
[Round "1"]
1.e4 e5
2.Bf1c4 Ng8f6
3.d3 Bf8c5
4.Ng1f3 Nb8c6
5.Nb1c3 O-O
6.Bc1g5 h6
7.Bg5xf6 Qd8xf6
8.Nc3d5 Qf6d8
9.O-O Nc6d4
10.Nf3xd4 c6
11.Nd4b3 cxd5
12.Bc4xd5 d6
13.Nb3xc5 dxc5
14.f4 Bc8e6
15.fxe5 Be6xd5
16.exd5 Qd8xd5
17.Qd1f3 Qd5xe5
18.c3 b5
19.Ra1e1 Qe5d6
20.Re1e4 f5
21.Re4e3 f4
22.Re3e4 Ra8e8
23.Rf1e1 Re8xe4
24.Re1xe4 Qd6a6
25.Re4xf4 Rf8xf4
26.Qf3xf4 c4
27.dxc4 bxc4
28.a3 Qa6f6
29.Qf4xf6 gxf6
30.Kf2 Kf7
31.Ke3 f5
32.Kd4 { resign }
1-0

[Event "Match"]
[Site "www.echecsemail.com"]
[Date "2016.03.28"]
[Round "1"]
[White "Glenno"]
[Black "Joseph1983"]
[WhiteElo "2400"]
[BlackElo "2140"]
[Result "1-0"]
[Round "1"]
1.e4 e6
2.d4 d5
3.Nb1c3 Ng8f6
4.Bc1g5 Bf8e7
5.e5 Nf6d7
6.Bg5xe7 Qd8xe7
7.f4 a6
8.Ng1f3 c5
9.dxc5 Qe7xc5
10.Bf1d3 Nb8c6
11.Qd1d2 O-O
12.O-O-O  { time }
1-0

[Event "Match"]
[Site "www.echecsemail.com"]
[Date "2016.03.28"]
[Round "1"]
[White "Elogic"]
[Black "Ericleo1980"]
[WhiteElo "1669"]
[BlackElo "2350"]
[Result "0-1"]
[Round "1"]
1.e4 c5
2.Nb1c3 d6
3.d4 cxd4
4.Qd1xd4 Nb8c6
5.Qd4d1 Ng8f6
6.Bc1e3 a6
7.Nc3a4 Nf6xe4
8.Na4b6 Ra8b8
9.h4 Ne4f6
10.Nb6xc8 Rb8xc8
11.g4 Qd8a5
12.c3 Nc6e5
13.f3 e6
14.b4 Qa5a3
15.Be3d4 Nf6d7
16.Rh1h2 Ne5c6
17.Ng1e2 Nc6xd4
18.Qd1xd4 Nd7e5
19.Bf1g2 Bf8e7
20.g5 Rc8c4
21.Qd4a7 Rc4xc3
22.Qa7xb7 Ne5d3
23.Kf1 Rc3c2
24.Qb7b8 Be7d8
25.Qb8xd6 Rc2xe2
26.Qd6c6 Ke7
27.Qc6b7 Kd6
28.Ra1d1 Re2e1
29.Rd1xe1 Qa3xa2
30.Qb7b8 Bd8c7
31.Qb8a7 Nd3xe1
32.Qa7d4 Ke7
33.Qd4c5 Kd7
34.Qc5d4 Ke7
35.Qd4c5 Kd7
36.Qc5d4 Qa2d5
37.Qd4xg7 Bc7xh2
38.Qg7xh8 Qd5d3
{ resign }
0-1

[Event "Match"]
[Site "www.echecsemail.com"]
[Date "2016.03.28"]
[Round "1"]
[White "Paco"]
[Black "Elogic"]
[WhiteElo "1970"]
[BlackElo "1669"]
[Result "1-0"]
[Round "1"]
1.e4 Ng8f6
2.e5 Nf6d5
3.d4 b6
4.Ng1f3 Bc8b7
5.Bf1c4 e6
6.O-O d6
7.Bc1g5 Bf8e7
8.Bc4xd5 Bb7xd5
9.Bg5xe7 Qd8xe7
10.Qd1d3 Nb8d7
11.c4 Bd5xf3
12.Qd3xf3 O-O
13.Nb1c3 dxe5
14.dxe5 Nd7xe5
15.Qf3e4 f6
16.f4 Ne5f7
17.f5 Nf7g5
18.Qe4c6 exf5
19.Nc3d5 Qe7f7
20.Ra1e1 g6
21.Re1e7 Ra8d8
22.Re7xf7 Rf8xf7
23.Rf1d1 Rd8d6
24.Qc6e8 Rf7f8
25.Qe8e7 Ng5e6
26.Nd5xf6 Rf8xf6
27.Rd1xd6 cxd6
28.Qe7xf6 { resign }
1-0

[Event "1/64 Finale"]
[Site "www.chess-mail.com"]
[Date "2016.03.28"]
[Round "1"]
[White "Derfel83"]
[Black "Sandokam"]
[WhiteElo "1930"]
[BlackElo "2150"]
[Result "1/2-1/2"]
[Round "1"]
1.c4 Ng8f6
2.Nb1c3 g6
3.d4 d5
4.e3 Bf8g7
5.Qd1b3 c6
6.Ng1f3 O-O
7.Bf1d3 a6
8.a4 e6
{ draw }
1/2-1/2

[Event "Eq:La Taverne-Equipo Juan Diaz : "]
[Site "www.chess-mail.com"]
[Date "2016.03.28"]
[Round "1"]
[White "Ilusion"]
[Black "Coraza8091"]
[WhiteElo "2030"]
[BlackElo "1730"]
[Result "1-0"]
[Round "1"]
1.d4 e6
2.c4 Bf8b4
3.Bc1d2 Qd8e7
4.Nb1c3 Bb4xc3
5.Bd2xc3 Ng8f6
6.Ng1f3 Nb8c6
7.e3 Nf6e4
8.Qd1c2 d5
9.Bf1d3 Nc6b4
10.Qc2a4 Nb4c6
11.Bd3xe4 dxe4
12.Nf3e5 Bc8d7
13.Ne5xd7 Qe7xd7
14.Bc3b4 O-O-O
15.O-O h5
16.Rf1d1 Nc6e7
17.Qa4xa7 Ne7c6
18.Qa7a8 Nc6b8
19.a4 c6
20.a5 Kc7
21.Bb4c5 Nb8a6
22.Bc5b6 Kd6
23.Bb6xd8 Rh8xd8
24.Qa8a7 Ke7
25.Qa7b6 g5
26.b4 f5
27.b5 cxb5
28.cxb5 Na6b4
29.Qb6c5 Qd7d6
30.Qc5xd6 Rd8xd6
31.Rd1b1 Nb4d5
32.a6 bxa6
33.bxa6 Nd5c7
34.Rb1b7 Kd8
35.a7 Rd6a6
36.Ra1xa6 Nc7a8
37.Rb7b8 Kc7
38.Rb8xa8 Kb7
39.Ra8b8 { resign }
1-0

[Event "Eq:Royal chess-Los Tercios : "]
[Site "www.chess-mail.com"]
[Date "2016.03.28"]
[Round "1"]
[White "Stevefillion"]
[Black "Huw"]
[WhiteElo "2350"]
[BlackElo "2240"]
[Result "1-0"]
[Round "1"]
1.e4 c5
2.Ng1f3 Nb8c6
3.Bf1b5 a6
4.Bb5xc6 dxc6
5.d3 Bc8g4
6.h3 Bg4h5
7.Bc1e3 e6
8.Nb1d2 Bf8d6
9.Nd2c4 b5
10.Nc4xd6 Qd8xd6
11.g4 Bh5g6
12.Qd1d2 h5
13.O-O-O hxg4
14.hxg4 Rh8xh1
15.Rd1xh1 O-O-O
16.Qd2a5 Kb7
17.Be3xc5 Qd6c7
18.Qa5xc7 Kxc7
19.Nf3e5 Ng8f6
20.f4 Nf6d7
21.Ne5xd7 Rd8xd7
22.f5 exf5
23.exf5 Bg6xf5
24.gxf5 Rd7d5
25.Bc5f8 Rd5xf5
26.Bf8xg7 Rf5f2
27.Bg7d4 Rf2g2
28.Rh1f1 { resign }
1-0

[Event "Tourn. n8628"]
[Site "www.chess-mail.com"]
[Date "2016.03.29"]
[Round "1"]
[White "Nugun"]
[Black "Bigrezi"]
[WhiteElo "1750"]
[BlackElo "1760"]
[Result "1-0"]
[Round "1"]
1.c4 g6
2.g3 Bf8g7
3.Bf1g2 d6
4.Nb1c3 c5
5.e3 Ng8f6
6.Ng1f3 Nb8c6
7.d4 cxd4
8.exd4 d5
9.Nf3e5 e6
10.O-O O-O
11.Bc1g5 Qd8c7
12.f4 Bc8d7
13.cxd5 Nc6xe5
14.dxe5 Nf6xd5
15.Nc3e4 Ra8d8
16.Bg5xd8 Rf8xd8
17.Qd1d2 Bg7f8
18.Ra1c1 Qc7b6
19.Rf1f2 Bd7b5
20.Bg2h3 Nd5e3
21.Qd2c3 Ne3d5
22.Ne4f6 Nd5xf6
23.exf6 Rd8d3
24.Qc3e1 Bf8c5
25.Qe1e5 Bc5d6
26.Rc1c8 Bd6f8
27.Qe5b8 Rd3d1
28.Bh3f1 Qb6d6
29.Qb8xd6 { resign }
1-0

[Event "Tourn. n8617"]
[Site "www.chess-mail.com"]
[Date "2016.03.29"]
[Round "1"]
[White "Seger"]
[Black "Jose"]
[WhiteElo "2780"]
[BlackElo "2720"]
[Result "1/2-1/2"]
[Round "1"]
1.e4 e5
2.Ng1f3 Nb8c6
3.Bf1b5 a6
4.Bb5a4 Ng8f6
5.O-O Bf8e7
6.Rf1e1 b5
7.Ba4b3 d6
8.c3 O-O
9.h3 Bc8b7
10.d4 Rf8e8
11.Nb1d2 Be7f8
12.a3 h6
13.Bb3c2 Nc6b8
14.b3 Nb8d7
15.Bc1b2 g6
16.a4 c6
17.b4 Qd8c7
18.axb5 cxb5
19.d5 Nd7b6
20.Bc2b3 Re8b8
21.Qd1c2 a5
22.Ra1xa5 Ra8xa5
23.bxa5 Nb6d7
24.c4 b4
25.Bb3a4 Qc7xa5
26.Re1a1 Qa5c7
27.Nd2b3 Rb8a8
28.Bb2c1 Bb7c8
29.Bc1e3 Nd7c5
30.Nb3xc5 dxc5
31.Qc2b1 Kh7
32.Nf3e1 Bf8d6
33.f3 Nf6h5
34.Ne1d3 Nh5f4
35.Be3xf4 exf4
36.Ba4b3 Ra8xa1
37.Qb1xa1 Bd6f8
38.Kh2 Bf8g7
39.Qa1a8 f6
40.Qa8a1 Kg8
41.Kg1 Kf7
42.Bb3a4 g5
{ draw }
1/2-1/2

[Event "Tourn. n8682"]
[Site "www.chess-mail.com"]
[Date "2016.03.29"]
[Round "1"]
[White "Cal"]
[Black "Azulmarino"]
[WhiteElo "1650"]
[BlackElo "1490"]
[Result "1-0"]
[Round "1"]
1.c4 c5
2.Nb1c3 e5
3.e4 a6
4.h3 Qd8f6
5.Ng1f3 Bf8d6
6.d3 Ng8e7
7.Bf1e2 Nb8c6
8.Bc1g5 Qf6g6
9.O-O Bd6c7
10.a3 d6
11.Qd1d2 h6
12.Bg5xe7 Bc8xh3
13.Nf3h4 Qg6e6
14.Nc3d5 Ra8c8
15.f4 exf4
16.Qd2xf4 g5
17.Qf4g3 gxh4
18.Qg3g7 Kd7
19.Rf1xf7 Rh8g8
20.Be7xh4 Nc6e7
21.Rf7xe7 Kc6
22.Re7xc7 { resign }
1-0

[Event "Tourn. n8656"]
[Site "www.chess-mail.com"]
[Date "2016.03.29"]
[Round "1"]
[White "Numanoid"]
[Black "Aperturaf"]
[WhiteElo "2470"]
[BlackElo "2500"]
[Result "1-0"]
[Round "1"]
1.e4 e6
2.d4 d5
3.e5 c5
4.c3 Nb8c6
5.Ng1f3 Qd8b6
6.Bf1e2 Bc8d7
7.O-O cxd4
8.cxd4 Ng8e7
9.Nb1c3 a6
10.Nc3a4 Qb6c7
11.Na4c5  { time }
1-0

[Event "Tourn. n8644"]
[Site "www.chess-mail.com"]
[Date "2016.03.29"]
[Round "1"]
[White "Pimax"]
[Black "Yangqi"]
[WhiteElo "2310"]
[BlackElo "2650"]
[Result "0-1"]
[Round "1"]
1.d4 f5
2.c4 g6
3.Nb1c3 Bf8g7
4.e3 Ng8f6
5.b3 O-O
6.Bc1b2 d6
7.Ra1b1 e5
8.dxe5 dxe5
9.Ng1f3 e4
10.Nf3d2 Nb8c6
11.Bf1e2 b6
12.O-O Nc6b4
13.Nc3b5 c6
14.Bb2a3 a5
15.Nb5c3 Ra8a7
16.Qd1c1 Ra7d7
17.Rf1d1 Bc8b7
18.Qc1b2 c5
19.Nd2f1 Nb4d3
20.Be2xd3 exd3
21.f3 h5
22.Kh1 h4
23.Nf1d2 Rf8e8
24.Rd1e1 h3
25.gxh3 Nf6e4
26.fxe4 Re8xe4
{ resign }
0-1

[Event "Tourn. n8645"]
[Site "www.chess-mail.com"]
[Date "2016.03.29"]
[Round "1"]
[White "Estonia"]
[Black "Odin"]
[WhiteElo "1990"]
[BlackElo "1900"]
[Result "1-0"]
[Round "1"]
1.d4 Ng8f6
2.c4 e6
3.Nb1c3 d5
4.e3 Bf8b4
5.Bf1d3 Nf6e4
6.Bd3xe4 dxe4
7.Ng1e2 O-O
8.O-O f5
9.Qd1b3 Bb4e7
10.c5 Nb8c6
11.Ne2f4 Rf8f6
12.Nf4h5 Rf6h6
13.Nh5f4 Be7g5
14.Nf4h3 a6
15.Nc3e2 Nc6a5
16.Qb3c2 c6
17.Bc1d2 Rh6xh3
18.gxh3 Bg5h4
19.Ne2f4 e5
20.Nf4g2 f4
21.Bd2xa5 Qd8g5
22.exf4 exf4
23.Qc2xe4 Bc8xh3
24.Kh1 Ra8f8
25.Ba5d2 Bh3f5
26.Qe4e5 Qg5f6
27.Bd2xf4 Bf5d3
28.Rf1d1 Bd3c4
29.Qe5xf6 Bh4xf6
30.Kg1 Bc4d5
31.Bf4d6 Rf8d8
32.b3 g5
33.Ng2e3 Bd5f3
34.Rd1d2 Kf7
35.Ra1c1 h5
36.d5 g4
37.dxc6 Bf3xc6
38.Rc1d1 Ke8
39.Ne3d5 Bf6g5
40.Rd2e2 Kf7
41.Re2e5 Bg5h4
42.Re5xh5 Bh4xf2
43.Kxf2 Kg6
44.Nd5f4 Kf7
45.Rh5f5 Kg8
46.Rd1e1 Bc6f3
47.h3 Kh7
48.hxg4 Bf3xg4
49.Re1e7 Kh6
50.Rf5f7 { resign }
1-0

[Event "Tourn. n8649"]
[Site "www.chess-mail.com"]
[Date "2016.03.29"]
[Round "1"]
[White "Comrade"]
[Black "Faerieking"]
[WhiteElo "2120"]
[BlackElo "2140"]
[Result "0-1"]
[Round "1"]
1.c4 Ng8f6
2.Nb1c3 c6
3.e4 d6
4.d4 Qd8c7
5.Ng1f3 Bc8g4
6.Bc1f4 Nb8d7
7.Bf1e2 e5
8.Bf4g3 Bf8e7
9.O-O O-O
10.h3 Bg4h5
11.Qd1c2 Rf8e8
12.Ra1d1 Ra8d8
13.c5 exd4
14.Rd1xd4 Nd7xc5
15.Rf1d1 Qc7b6
16.Bg3xd6 Be7xd6
17.Rd4xd6 Rd8xd6
18.Rd1xd6 Nc5xe4
19.Nc3xe4 Nf6xe4
20.Rd6d4 Bh5xf3
21.gxf3 Qb6xd4
22.fxe4 Re8xe4
23.Be2d3 Re4e1
24.Bd3f1 Qd4d1
25.Qc2xd1 Re1xd1
26.Kg2 Rd1d2
27.Bf1c4 Rd2xb2
28.Kg3 g6
29.f3 Rb2b4
30.Bc4b3 Kg7
31.h4 h6
32.Kh3 f5
33.Kg3 g5
34.hxg5 hxg5
35.Bb3e6 Kf6
{ resign }
0-1

[Event "Tourn. n8580"]
[Site "www.chess-mail.com"]
[Date "2016.03.29"]
[Round "1"]
[White "Leeds"]
[Black "Gatrooper"]
[WhiteElo "1810"]
[BlackElo "1670"]
[Result "1-0"]
[Round "1"]
1.e4 e5
2.Ng1f3 Nb8c6
3.Bf1c4 d6
4.d3 Bc8e6
5.Bc4b3 Be6xb3
6.axb3 Ng8f6
7.O-O h6
8.Bc1e3 a6
9.Nb1c3 Nf6g4
10.Qd1e2 Bf8e7
11.Be3d2 Nc6d4
12.Nf3xd4 h5
13.Nd4f5 Be7f6
14.h3 Ng4h6
15.Nf5xh6 gxh6
16.Nc3d5 c6
17.Nd5xf6 Qd8xf6
18.f4 O-O-O
19.fxe5 Qf6e6
20.exd6 Rd8xd6
21.Bd2f4 Rd6d8
22.Qe2f3 Rd8g8
23.Kh1 Rh8h7
24.Bf4h2 Qe6g6
25.Qf3f5 Kd8
26.Qf5xg6 Rg8xg6
27.Rf1f5 Rh7g7
28.Bh2e5 Rg7g8
29.g3 h4
30.g4 f6
31.Be5xf6 Kc8
32.Bf6e5 c5
33.Rf5f7 Rg6e6
34.Be5f6 Re6b6
35.e5 Rb6c6
36.Bf6xh4 Rc6e6
37.Bh4f6 Kb8
38.Rf7h7 Rg8c8
39.Rh7xh6 Ka7
40.g5 Rc8g8
41.h4 Kb6
42.h5 Ka7
43.Rh6g6 Rg8e8
44.h6 c4
45.bxc4 Re6b6
46.h7 Rb6xb2
47.Rg6g8 Re8xg8
48.hxg8Q Rb2xc2
49.e6 Rc2e2
50.Bf6d4 b6
51.Qg8f7 Ka8
52.Ra1xa6 Kb8
53.Ra6xb6 Kc8
54.Qf7b7 Kd8
55.Qb7d7 { resign }
1-0

[Event "Tourn. n8642"]
[Site "www.chess-mail.com"]
[Date "2016.03.29"]
[Round "1"]
[White "Cardiff"]
[Black "Wwgia"]
[WhiteElo "2080"]
[BlackElo "2160"]
[Result "1-0"]
[Round "1"]
1.c4 Ng8f6
2.Nb1c3 e5
3.g3 d5
4.cxd5 Nf6xd5
5.Bf1g2 Nd5xc3
6.bxc3 Nb8c6
7.d3 Bf8e7
8.Ng1f3 O-O
9.O-O Bc8e6
10.Bc1e3 Qd8d7
11.Qd1c2 Be6h3
12.Ra1b1 Bh3xg2
13.Kxg2 Ra8b8
14.Rf1d1 h6
15.d4 exd4
16.cxd4 b6
17.Rd1c1 Nc6a5
18.Qc2xc7 Rb8b7
19.Qc7xd7 Rb7xd7
20.Nf3e5 Rd7b7
21.Be3d2 Rb7b8
22.Ne5d7 { resign }
1-0

[Event "Tourn. n8693"]
[Site "www.chess-mail.com"]
[Date "2016.03.29"]
[Round "1"]
[White "Falcoale"]
[Black "Bojan"]
[WhiteElo "1860"]
[BlackElo "2020"]
[Result "0-1"]
[Round "1"]
1.e4 e5
2.Ng1f3 Nb8c6
3.d4 exd4
4.Nf3xd4 Nc6xd4
5.Qd1xd4 Qd8f6
6.Qd4d3 Bf8c5
 { time }
0-1

[Event "Tourn. n8653"]
[Site "www.chess-mail.com"]
[Date "2016.03.29"]
[Round "1"]
[White "Yangqi"]
[Black "Aperturaf"]
[WhiteElo "2650"]
[BlackElo "2500"]
[Result "1-0"]
[Round "1"]
1.e4 e6
2.d4 d5
3.Nb1c3 Ng8f6
4.e5 Nf6d7
5.f4 c5
6.Ng1f3 Nb8c6
7.Bc1e3 cxd4
8.Nf3xd4 Bf8c5
9.Qd1d2 a6
10.O-O-O O-O
11.Qd2f2 Nc6xd4
12.Be3xd4 Qd8e7
13.Bf1d3 Bc5xd4
14.Qf2xd4 Qe7c5
15.Nc3e2 b5
16.Kb1 b4
17.Rd1c1 Qc5xd4
18.Ne2xd4 Nd7c5
19.Rh1d1  { time }
1-0

[Event "Tourn. n8700"]
[Site "www.chess-mail.com"]
[Date "2016.03.29"]
[Round "1"]
[White "Bojan"]
[Black "Mitja"]
[WhiteElo "1990"]
[BlackElo "1910"]
[Result "1-0"]
[Round "1"]
1.c4 d5
2.d4 dxc4
3.Qd1a4 c6
4.Qa4xc4 e6
5.e4 Nb8d7
6.Bc1f4 Nd7b6
7.Qc4d3 Ng8e7
8.Ng1f3 h6
9.Bf1e2 Ne7g6
10.Bf4g3 Bf8b4
11.Nb1d2 Bb4d6
12.Bg3xd6 Qd8xd6
13.h3 Ng6f4
14.Qd3c3 Nf4xg2
15.Kf1 Ng2f4
16.Be2d1 f6
17.Bd1b3 Bc8d7
18.Rh1g1 Kf7
19.Nd2c4 Nb6xc4
20.Bb3xc4 Nf4xh3
21.Rg1g3 Nh3g5
22.Qc3e3 Ke7
23.b3 b5
24.Bc4d3 Kf7
25.e5 Qd6e7
26.Nf3h4 f5
27.Nh4g2 a6
28.Bd3e2 g6
29.Ng2f4 Rh8g8
30.Nf4d3 Rg8h8
31.Nd3c5 Bd7e8
32.f4 Ng5h7
33.Qe3g1 Nh7f8
34.Be2h5 Rh8g8
35.Bh5f3 Qe7h4
36.Nc5d3 Qh4d8
37.Ke2 Ke7
38.Ke3 Qd8b6
39.b4 a5
40.a4 axb4
41.axb5 Ra8xa1
42.Qg1xa1 cxb5
43.Nd3xb4 Nf8d7
44.Rg3g2 Be8f7
45.Rg2a2 Rg8c8
46.Ra2a6 Qb6c7
47.Bf3c6 Nd7b8
48.Ra6a7 { resign }
1-0

[Event "Tourn. n8687"]
[Site "www.chess-mail.com"]
[Date "2016.03.29"]
[Round "1"]
[White "Bojan"]
[Black "Osopanda"]
[WhiteElo "2000"]
[BlackElo "1990"]
[Result "0-1"]
[Round "1"]
1.c4 Ng8f6
2.b4 g6
3.Bc1b2 Bf8g7
4.e3 O-O
5.d3 c6
6.Nb1d2 d5
7.h4 Nb8d7
8.c5 e5
9.g4 e4
10.f4 Nf6e8
11.Bb2xg7 Kxg7
12.g5 Ne8c7
13.h5 f6
14.gxf6 Qd8xf6
15.hxg6 Qf6xg6
16.d4 Qg6g3
17.Ke2 Nd7f6
18.Ng1h3 Bc8g4
{ resign }
0-1

[Event "Tourn. n8696"]
[Site "www.chess-mail.com"]
[Date "2016.03.29"]
[Round "1"]
[White "Olddog55"]
[Black "Daquata"]
[WhiteElo "1590"]
[BlackElo "1650"]
[Result "1-0"]
[Round "1"]
1.d4 Ng8f6
2.Ng1f3 d5
3.e3 Bc8g4
4.Bf1e2 e6
5.O-O c5
6.b3 Nb8c6
7.Bc1b2 Bf8d6
8.Nf3e5 Bg4xe2
9.Qd1xe2 Qd8c7
10.f4 O-O
11.Rf1f3 Nf6d7
12.Rf3h3 f6
13.Qe2h5 h6
14.Rh3g3 Kh7
15.Qh5g6 { resign }
1-0

[Event "Tourn. n8675"]
[Site "www.chess-mail.com"]
[Date "2016.03.29"]
[Round "1"]
[White "Daquata"]
[Black "Matchbox"]
[WhiteElo "1630"]
[BlackElo "1690"]
[Result "1-0"]
[Round "1"]
1.e4 c5
2.Ng1f3 d6
3.d4 cxd4
4.Nf3xd4 Ng8f6
5.Nb1c3 g6
6.Bc1e3 Bf8g7
7.Qd1d2 h6
8.O-O-O a6
9.f3 Nb8c6
10.g4 Bc8d7
11.h4 Qd8a5
12.Nd4b3 Qa5c7
13.Bf1e2 Bd7e6
14.g5 hxg5
15.hxg5 Nf6h5
16.f4 Be6xb3
17.axb3 Nh5g3
18.Rh1xh8 Bg7xh8
19.Be2g4 Nc6b4
20.Qd2g2 Bh8xc3
21.bxc3 Qc7xc3
22.Be3d4 Qc3c6
23.c3 Ng3xe4
24.Rd1h1 { resign }
1-0

[Event "Match"]
[Site "www.echecsemail.com"]
[Date "2016.03.29"]
[Round "1"]
[White "Daquata"]
[Black "Towerbridge"]
[WhiteElo "1590"]
[BlackElo "1490"]
[Result "1/2-1/2"]
[Round "1"]
1.e4 e5
2.Ng1f3 Ng8f6
3.Nf3xe5 d6
4.Ne5f3 Nf6xe4
5.d4 d5
6.Bf1d3 Bf8e7
7.O-O O-O
8.Rf1e1 Bc8f5
9.c4 c6
10.Nb1c3 Ne4xc3
11.bxc3 Bf5xd3
12.Qd1xd3 Be7f6
13.Bc1f4 dxc4
14.Qd3xc4 Nb8d7
15.Ra1d1 Nd7b6
16.Qc4b3 Qd8d5
17.h3 Rf8e8
18.Bf4g3 h6
19.Kh1 Ra8d8
20.Bg3c7 Qd5xb3
21.axb3 Rd8c8
22.Bc7xb6 axb6
23.Kg1 Kf8
24.Kf1 b5
{ draw }
1/2-1/2

[Event "Match"]
[Site "www.echecsemail.com"]
[Date "2016.03.29"]
[Round "1"]
[White "Daquata"]
[Black "Mars91"]
[WhiteElo "1640"]
[BlackElo "1789"]
[Result "0-1"]
[Round "1"]
1.e4 e5
2.Ng1f3 d6
3.d4 exd4
4.Nf3xd4 Ng8f6
5.Nb1c3 Bf8e7
6.Bf1e2 O-O
7.O-O c6
8.Bc1f4 Nb8d7
9.Nd4f5 Nd7e5
10.Nf5xe7 Qd8xe7
11.Bf4g5 h6
12.Bg5h4 Ne5g6
13.Bh4g3 Rf8d8
14.Be2f3 Ng6e5
15.Bg3xe5 dxe5
16.Qd1e2 Bc8e6
17.Rf1d1 Rd8d4
18.Rd1d3 Be6c4
{ resign }
0-1

[Event "Match"]
[Site "www.echecsemail.com"]
[Date "2016.03.29"]
[Round "1"]
[White "Genius7"]
[Black "Fabos12"]
[WhiteElo "1780"]
[BlackElo "1780"]
[Result "0-1"]
[Round "1"]
1.d4 d5
2.c4 Ng8f6
3.cxd5 Nf6xd5
4.Ng1f3 g6
5.e4 Nd5b6
6.Nb1c3 Bf8g7
7.a4 a5
8.h3 O-O
9.Bc1e3 Nb8c6
10.Bf1e2 e5
11.d5 Nc6b4
12.O-O f5
13.Be3xb6 cxb6
14.Qd1b3 Kh8
15.exf5 Bc8xf5
16.Rf1d1 Bf5c2
{ resign }
0-1

[Event "Match"]
[Site "www.echecsemail.com"]
[Date "2016.03.29"]
[Round "1"]
[White "Castletyme"]
[Black "Roque1"]
[WhiteElo "1810"]
[BlackElo "1910"]
[Result "0-1"]
[Round "1"]
1.e4 c5
2.Ng1f3 e6
3.Nb1c3 Ng8f6
4.d3 Nb8c6
5.Bf1e2 Bf8e7
6.O-O O-O
7.Rf1e1 d5
8.exd5 exd5
9.Bc1g5 Bc8e6
10.Bg5xf6 Be7xf6
11.Ra1b1 Qd8d6
12.Nc3b5 Qd6f4
13.Qd1d2 Qf4a4
14.Nb5c7 Ra8c8
15.Nc7xe6 fxe6
16.a3 Rc8c7
17.c3 Nc6e5
18.Nf3xe5 Bf6xe5
19.Be2g4 Qa4xg4
20.Re1xe5 Rc7f7
21.Rb1f1 Rf7f3
22.Kh1 Rf8f4
23.gxf3 Qg4xf3
24.Kg1 Rf4g4

0-1

[Event "Match"]
[Site "www.echecsemail.com"]
[Date "2016.03.29"]
[Round "1"]
[White "Guidom"]
[Black "Mars91"]
[WhiteElo "2030"]
[BlackElo "1789"]
[Result "1/2-1/2"]
[Round "1"]
1.e4 e6
2.d4 d5
3.exd5 exd5
4.Ng1f3 Ng8f6
5.Bc1f4 Bf8d6
6.Nf3e5 O-O
7.Bf1d3 Rf8e8
8.O-O c6
9.c3 Qd8c7
10.Nb1d2 Nb8d7
11.Ne5xd7 Bc8xd7
12.Bf4xd6 Qc7xd6
13.Nd2b3 Nf6e4
14.f3 Ne4f6
15.Nb3c5 Ra8b8
16.Qd1d2 b6
17.Nc5a6 Rb8d8
18.Ra1e1 h6
19.h3 Re8xe1
20.Rf1xe1 Rd8e8
21.Re1xe8 Bd7xe8
{ draw }
1/2-1/2

[Event "Match"]
[Site "www.echecsemail.com"]
[Date "2016.03.29"]
[Round "1"]
[White "Krystek23"]
[Black "Ztornad"]
[WhiteElo "2200"]
[BlackElo "1750"]
[Result "1-0"]
[Round "1"]
1.c4 Ng8f6
2.Nb1c3 Nb8c6
3.Ng1f3 d5
4.cxd5 Nf6xd5
5.e3 a6
6.Bf1e2 Bc8f5
7.d3 Nd5xc3
8.bxc3 Qd8d6
9.Qd1b3 b5
10.Bc1a3 Qd6d7
11.h3 Bf5xd3
12.Ra1d1 O-O-O
13.Rd1xd3 Qd7f5
14.c4 e5
15.cxb5 axb5
16.Qb3xb5 Bf8xa3
17.Rd3xa3 Qf5c2
18.O-O Qc2e4
19.Nf3g5 Qe4g6
20.Be2g4 f5
21.Bg4xf5  { time }
1-0

[Event "Match"]
[Site "www.echecsemail.com"]
[Date "2016.03.29"]
[Round "1"]
[White "Afrikanu007"]
[Black "Billyg"]
[WhiteElo "1789"]
[BlackElo "1610"]
[Result "1-0"]
[Round "1"]
1.d4 d6
2.g3 c6
3.Bf1g2 Nb8d7
4.Ng1f3 f6
5.Bc1e3 e5
6.d5 e4
7.Nf3h4 Ng8e7
8.Bg2xe4 cxd5
9.Be4xd5 Qd8a5
10.Nb1c3 Ne7xd5
11.Qd1xd5 Qa5xd5
12.Nc3xd5 Kd8
13.O-O-O Nd7e5
14.f4 Ne5g4
15.Be3d4 Bc8e6
16.Nd5c3 b6
17.Nh4f3 f5
18.Rh1e1 d5
19.Nf3g5 Be6d7
20.Ng5f7 Ke8
21.Nf7xh8 Ng4f2
22.Bd4xf2 Bd7e6
23.Nc3b5 Kd7
24.e4 fxe4
25.Re1xe4 Ke7
26.Rd1xd5 Kf6
27.Bf2d4 Ke7
28.Nb5c7 { resign }
1-0

[Event "Match"]
[Site "www.echecsemail.com"]
[Date "2016.03.29"]
[Round "1"]
[White "Irene"]
[Black "Carazo"]
[WhiteElo "2080"]
[BlackElo "1850"]
[Result "1-0"]
[Round "1"]
1.d4 g6
2.e4 Bf8g7
3.e5 e6
4.Ng1f3 Nb8c6
5.c3 a6
6.Nb1d2 b5
7.Bf1d3 Ng8e7
8.Nd2e4 d6
9.Ne4f6 Bg7xf6
10.exf6 Ne7d5
11.Bd3e4 Qd8xf6
12.Bc1g5 Qf6g7
13.Qd1e2 O-O
14.c4 bxc4
15.Qe2xc4 Nc6a5
16.Qc4a4 Na5b7
17.Qa4c6 Nd5b4
18.Qc6xc7 d5
19.Be4b1 h6
20.Bg5f4 a5
21.a3 Nb4a6
22.Qc7e7 f6
23.Qe7xg7 Kxg7
24.O-O g5
25.Bf4d2 a4
26.Bb1d3 Na6c7
27.Ra1c1 Nc7e8
28.Bd3b5 Nb7d6
29.Bb5c6 Ra8b8
30.Bd2b4 Bc8a6
31.Bc6xe8 Ba6xf1
32.Bb4xd6 Rf8xe8
33.Bd6xb8 g4
34.Bb8d6 gxf3
35.Kxf1 Re8d8
36.Rc1c7 Kg6
37.Bd6e7 Rd8b8
38.Be7b4 fxg2
39.Kxg2 h5
40.Rc7a7 Kg5
41.Ra7xa4 e5
42.Ra4a5 Rb8d8
43.Bb4c5 e4
44.Ra5a6 f5
45.Bc5e7 Kg4
46.Be7xd8 h4
47.Ra6g6 Kh5
48.Rg6g5 Kh6
49.Kh3 f4
50.Kg4 e3
51.fxe3 fxe3
52.Kf5 e2
53.Bd8a5 h3
54.Rg5g3 { resign }
1-0

[Event "Match"]
[Site "www.echecsemail.com"]
[Date "2016.03.29"]
[Round "1"]
[White "Pinehill"]
[Black "Mars91"]
[WhiteElo "2060"]
[BlackElo "1789"]
[Result "1-0"]
[Round "1"]
1.e4 d6
2.d4 Ng8f6
3.Nb1c3 g6
4.Ng1f3 Bf8g7
5.Bf1c4 O-O
6.O-O Nf6xe4
7.Nc3xe4 d5
8.Bc4d3 dxe4
9.Bd3xe4 c6
10.c3 Nb8d7
11.Rf1e1 Nd7f6
12.Qd1c2 Nf6xe4
13.Qc2xe4 Rf8e8
14.Bc1f4 Bc8f5
15.Qe4e3 h5
16.Nf3e5 Bf5e6
17.Ne5xg6 { resign }
1-0

[Event "1/32 Finale"]
[Site "www.chess-mail.com"]
[Date "2016.03.29"]
[Round "1"]
[White "Julian"]
[Black "Ssharp"]
[WhiteElo "2090"]
[BlackElo "2230"]
[Result "1-0"]
[Round "1"]
1.e4 e6
2.d4 d5
3.e5 c5
4.c3 Nb8c6
5.Ng1f3 Qd8b6
6.Bf1d3 cxd4
7.cxd4 Bc8d7
8.O-O Nc6xd4
9.Bc1e3 Nd4xf3
10.Qd1xf3 Qb6xb2
11.Nb1d2 Qb2xe5
12.Be3f4 Qe5f6
13.Ra1b1 Bd7c6
14.Rf1c1 Bf8e7
15.Rc1xc6 bxc6
16.Qf3g3 Be7f8
17.Bf4g5 Qf6d4
18.Rb1b8 Ra8xb8
19.Qg3xb8 { resign }
1-0

[Event "Eq:Royal chess-Los Tercios : "]
[Site "www.chess-mail.com"]
[Date "2016.03.29"]
[Round "1"]
[White "Huw"]
[Black "Stevefillion"]
[WhiteElo "2240"]
[BlackElo "2350"]
[Result "1/2-1/2"]
[Round "1"]
1.d4 Ng8f6
2.c4 c6
3.Ng1f3 d5
4.e3 g6
5.Nb1c3 Bf8g7
6.Bf1e2 O-O
7.O-O Bc8g4
8.h3 Bg4xf3
9.Be2xf3 dxc4
10.a4 Nb8d7
11.Bf3e2 e5
12.Be2xc4 Nd7b6
13.Bc4e2 exd4
14.exd4 Nb6d5
15.Be2c4 a5
16.Bc1g5 Qd8b6
17.Qd1d2 Qb6b4
18.Nc3xd5 Nf6xd5
19.Qd2xb4 axb4
20.Bc4xd5 cxd5
21.Rf1d1 Rf8c8
22.Bg5e7 Bg7f8
23.Be7f6 Rc8c2
24.b3 Ra8c8
25.Bf6g5 Bf8g7
26.Bg5e3 f5
27.g3 Bg7f6
28.a5 { draw }
1/2-1/2

[Event "Eq:Los Tercios-Slap Shot Mates : "]
[Site "www.chess-mail.com"]
[Date "2016.03.29"]
[Round "1"]
[White "Asoka"]
[Black "Stevefillion"]
[WhiteElo "2750"]
[BlackElo "2370"]
[Result "1-0"]
[Round "1"]
1.d4 d5
2.c4 c6
3.cxd5 cxd5
4.Nb1c3 Ng8f6
5.Ng1f3 Nb8c6
6.Bc1f4 Bc8f5
7.Qd1b3 Nc6a5
8.Qb3a4 Bf5d7
9.Qa4c2 Ra8c8
10.e3 g6
11.Bf1d3 Bf8g7
12.h3 O-O
13.Qc2e2 Na5c4
14.O-O Nc4d6
15.Rf1c1 Bd7f5
16.Bd3xf5 gxf5
17.Rc1c2 e6
18.Ra1c1 Nd6c4
19.Nc3a4 Qd8d7
20.b3 Nc4a3
21.Rc2c7 { resign }
1-0